000 00609nam a2200169Ia 4500
008 090711s9999 xx 000 0 und d
082 _b43490
100 _aखाडिलकर उाgऎ. प्र.
245 _aखाडिलकर - स्मरणी
260 _bयशवंत कृष्ण खाडिलकर
_c1949
300 _a454
600 _aखाडिलकर उाgऎ. प्र.
630 _aखाडिलकर - स्मरणी
700 _aखाडिलकर उाgऎ. प्र.
730 _aखाडिलकर - स्मरणी
942 _cBOOK
999 _c286428
_d286428